000 00476nam a22001697a 4500
003 BD-ChCU
005 20230824110313.0
008 230824b ii ||||| |||| 00| 0 eng d
040 _cBD-ChCU
082 _222
_a628.21
_bL968h
100 _aLustri,Dino
_92731
245 _aHydraulics and hydrology :
_bautodesk infrastructure design suite /
_cDino Lustri
260 _aNew Delhi :
_bW R Pub.
_cc2011
300 _a197 P. :
650 0 _aHydrology
_92732
942 _2ddc
_cBK
_n0
999 _c102866
_d102866